000 00324nam a2200145Ia 4500
008 150201s2002 xx 000 0 und d
082 _a616.757
_bD2002G
100 _aL.C.GUPTA
245 _aDENTAL RADIOLOGY
250 _a1ST
260 _bAITBS
_aDELHI
_c2002
300 _a1-160
650 _aRADIOLOGY
942 _2ddc
_cBK
999 _c2748
_d2748